Grammatica construcción de los hymnos eclesiasticos dividida en siete libros por el orden del breviario romano.

Detalles Bibliográficos
Formato: Libro
Publicado: Madrid 1768
Materias:
Colección:Banco de datos
Acervo:Biblioteca del Convento de San Pablo. Yuririahupándaro. Guanajuato
Tema general:Liturgia
Notas:Regular. Ex libris de Fr. L.C. Banda. 3C4, 5.
LEADER 00723nam a22001810004500
035 |a 36986 
036 |a 2627 
245 1 0 |a Grammatica construcción de los hymnos eclesiasticos dividida en siete libros por el orden del breviario romano.  |c Manuel José de la Riba corr. 
260 |a Madrid  |b Pantaleón Aznar imp.  |c 1768 
500 |a Regular. Ex libris de Fr. L.C. Banda. 3C4, 5. 
650 1 0 |a Liturgia 
949 |a CRG-CY 
959 |a Ex convento de San Pablo, Museo Regional de Yuririahpúndaro, Guanajuato  |b CCC9 
960 |a Convento San Pablo Yuririahpúndaro, Guanajuato  |b DD86 
961 |a Agustina  |b OA 
942 |c CRG-CY 
943 |g Biblioteca del Convento de San Pablo. Yuririahupándaro. Guanajuato 
999 |c 957652  |d 957652